000 00803cam a22002534a 4500
008
020 _a0471977632 (pbk.)
049 _aMAIN
090 _aNA1115
_bWIT
100 1 _aWittkower, Rudolf.
245 1 0 _aArchitectural principles in the age of humanism /
_cRudolf Wittkower.
260 _aChichester, West Sussex :
_bAcademy Editions,
_c1998.
300 _a160 p. :
_bill. ;
_c24 cm.
500 _aIncludes index.
504 _aIncludes bibliographical references.
650 0 _aArchitecture, Renaissance
_zItaly.
650 0 _aArchitecture
_zItaly.
650 0 _aArchitecture
_xComposition, proportion, etc.
907 _a.b10373603
_b02-06-16
_c31-05-16
003
005 20241031121919.0
040 _cNUST
942 _cBOOKS
_kNA1115
_mWIT
_01
999 _c95923
_d95923